[Event "21. Torneo San Viator 2013"]
[Site "Madrid ESP"]
[Date "2013.10.12"]
[Round "3.21"]
[White "Ruiz Sanchez, Roberto"]
[Black "Vazquez Cabeza, Isaac"]
[Result "1-0"]
[WhiteElo "1972"]
[BlackElo "1560"]
[PlyCount "95"]
[EventDate "2013.09.29"]
[EventType "swiss"]
[EventRounds "9"]
[EventCountry "ESP"]
[SourceTitle "Ajedrez en Madrid"]
[Source "lmi"]
[SourceDate "2013.09.29"]
[SourceVersion "1"]
[SourceVersionDate "2013.12.25"]
[SourceQuality "1"]

1. e4 e6 2. d4 d5 3. Nd2 Nf6 4. e5 Nfd7 5. Bd3 c5 6. c3 Nc6 7. Ne2 Be7 8. O-O
O-O 9. f4 f6 10. Nf3 f5 11. Kh1 g6 12. Rg1 a6 13. g4 Kh8 14. Qf1 Rg8 15. Qh3
Qf8 16. Be3 c4 17. Bc2 b5 18. Rg2 Qf7 19. Rag1 Bb7 20. Bf2 a5 21. Bh4 Rae8 22.
Bxe7 Rxe7 23. gxf5 exf5 24. Bxf5 Nf8 25. Bc2 b4 26. Ng5 Qe8 27. Qf3 Bc8 28. f5
Bxf5 29. Bxf5 gxf5 30. Qxf5 Ng6 31. Qf6+ Reg7 32. Ne6 Qd7 33. Nxg7 Rxg7 34. Nf4
Nce7 35. Nh5 Ng8 36. Qxg7+ Qxg7 37. Nxg7 Kxg7 38. Rf2 b3 39. axb3 cxb3 40. Ra1
Nh6 41. Rxa5 Ng4 42. Ra7+ Kh6 43. Rff7 Ne3 44. Rxh7+ Kg5 45. Rhg7 Nd1 46. Rab7
Kh6 47. Rxg6+ Kxg6 48. Rxb3 1-0

[Event "21. Torneo San Viator 2013"]
[Site "Madrid ESP"]
[Date "2013.10.12"]
[Round "3.22"]
[White "Salgado Duarte, Pablo"]
[Black "Sotoca Aguado, Jose"]
[Result "0-1"]
[WhiteElo "1551"]
[BlackElo "1961"]
[PlyCount "66"]
[EventDate "2013.09.29"]
[EventType "swiss"]
[EventRounds "9"]
[EventCountry "ESP"]
[SourceTitle "Ajedrez en Madrid"]
[Source "lmi"]
[SourceDate "2013.09.29"]
[SourceVersion "1"]
[SourceVersionDate "2013.12.25"]
[SourceQuality "1"]

1. d4 Nf6 2. c4 e6 3. Nc3 Bb4 4. Bd2 O-O 5. a3 Bxc3 6. Bxc3 b6 7. e3 Bb7 8. Nf3
d6 9. Bd3 Nbd7 10. O-O Ne4 11. Bxe4 Bxe4 12. Nd2 Bg6 13. Qf3 f5 14. Rfe1 Nf6
15. g3 Ne4 16. Nxe4 fxe4 17. Qg2 Qg5 18. Rad1 d5 19. Qf1 Bh5 20. Rc1 Rf7 21. b4
Bg4 22. c5 Qf5 23. Rc2 Bh3 24. Qe2 h5 25. f4 exf3 26. Qf2 h4 27. Rec1 Raf8 28.
b5 hxg3 29. hxg3 Bg2 30. Qe1 f2+ 31. Rxf2 Qxf2+ 32. Qxf2 Rxf2 33. cxb6 Be4 0-1

[Event "21. Torneo San Viator 2013"]
[Site "Madrid ESP"]
[Date "2013.10.12"]
[Round "3.23"]
[White "Perez Mondejar, Adler"]
[Black "Barahona Torrijos, Angel"]
[Result "0-1"]
[WhiteElo "1439"]
[BlackElo "1867"]
[PlyCount "102"]
[EventDate "2013.09.29"]
[EventType "swiss"]
[EventRounds "9"]
[EventCountry "ESP"]
[SourceTitle "Ajedrez en Madrid"]
[Source "lmi"]
[SourceDate "2013.09.29"]
[SourceVersion "1"]
[SourceVersionDate "2013.12.25"]
[SourceQuality "1"]

1. e4 e5 2. Nf3 Nc6 3. Bb5 a6 4. Bxc6 dxc6 5. O-O Qd6 6. Na3 Qe6 7. d4 Bxa3 8.
bxa3 exd4 9. Nxd4 Qg6 10. f4 c5 11. Nf3 Ne7 12. f5 Qc6 13. Qe2 O-O 14. Re1 Re8
15. Qf2 b6 16. Ne5 Qa4 17. Bb2 f6 18. Nd3 Nc6 19. Qg3 Nd4 20. Bxd4 Qxd4+ 21.
Kh1 c4 22. Nf2 Bb7 23. c3 Qc5 24. Re3 Rad8 25. Rae1 Rd2 26. Ng4 Qd6 27. Nxf6+
Qxf6 28. Qxc7 Qc6 29. Qg3 Qd6 30. Qxd6 Rxd6 31. e5 Rd2 32. R3e2 Red8 33. h3
R8d3 34. Kh2 Kf8 35. e6 Ke7 36. g4 h6 37. a4 Bc6 38. a5 bxa5 39. Rxd2 Rxd2+ 40.
Kg3 Rd3+ 41. Kf4 Kf6 42. Re3 Rxe3 43. Kxe3 Kg5 44. Kd4 Bb5 45. Ke5 Kh4 46. e7
Kxh3 47. Kf4 Kh4 48. a3 Bc6 49. Ke5 Kxg4 50. f6 gxf6+ 51. Kxf6 h5 0-1

[Event "21. Torneo San Viator 2013"]
[Site "Madrid ESP"]
[Date "2013.10.12"]
[Round "3.24"]
[White "Jimenez Gonzalez, Marcos"]
[Black "Garcia Rojas, Juan Carlos"]
[Result "1-0"]
[WhiteElo "1847"]
[BlackElo "1545"]
[PlyCount "104"]
[EventDate "2013.09.29"]
[EventType "swiss"]
[EventRounds "9"]
[EventCountry "ESP"]
[SourceTitle "Ajedrez en Madrid"]
[Source "lmi"]
[SourceDate "2013.09.29"]
[SourceVersion "1"]
[SourceVersionDate "2013.12.25"]
[SourceQuality "1"]

1. c4 e5 2. g3 Nf6 3. Bg2 d6 4. Nc3 c6 5. e4 Be6 6. d3 Be7 7. Nge2 Nbd7 8. O-O
O-O 9. b3 c5 10. f4 Bg4 11. f5 Nb8 12. h3 Bxe2 13. Qxe2 Nc6 14. Be3 Nd4 15. Qd2
h6 16. Kh2 Nh7 17. h4 f6 18. Bxd4 cxd4 19. Nd5 Rc8 20. Bf3 Qd7 21. a4 Kh8 22.
Bh5 Bd8 23. Bg6 Rg8 24. Bxh7 Kxh7 25. h5 a5 26. Qe2 Qf7 27. Qg4 Rh8 28. Qg6+
Qxg6 29. hxg6+ Kg8 30. Kg2 Kf8 31. Rh1 Rc6 32. g4 Rc5 33. Kf3 Rxd5 34. cxd5 Bb6
35. b4 Ke7 36. bxa5 Bxa5 37. Rab1 b6 38. Rhc1 Kd7 39. Rc6 Rb8 40. Rb5 Rb7 41.
Ke2 Ke7 42. Kd1 Kd7 43. Kc2 Rc7 44. Rxc7+ Kxc7 45. Kb3 Bc3 46. Kc4 Ba5 47. Rxa5
bxa5 48. Kb5 Kb7 49. Kxa5 Ka7 50. Kb5 Kb7 51. a5 Kb8 52. Kb6 Ka8 1-0

[Event "21. Torneo San Viator 2013"]
[Site "Madrid ESP"]
[Date "2013.10.12"]
[Round "3.25"]
[White "Fernandez Munoz, Jesus Norbert"]
[Black "Alonso Vara, Maria"]
[Result "0-1"]
[WhiteElo "1419"]
[BlackElo "1842"]
[PlyCount "76"]
[EventDate "2013.09.29"]
[EventType "swiss"]
[EventRounds "9"]
[EventCountry "ESP"]
[SourceTitle "Ajedrez en Madrid"]
[Source "lmi"]
[SourceDate "2013.09.29"]
[SourceVersion "1"]
[SourceVersionDate "2013.12.25"]
[SourceQuality "1"]

1. d4 Nf6 2. e3 d6 3. Bd3 g6 4. Nd2 e5 5. c3 Bg7 6. Nb3 Nc6 7. Bc2 O-O 8. d5
Ne7 9. e4 Ne8 10. Bg5 h6 11. Be3 f5 12. f4 exf4 13. Bxf4 fxe4 14. Bxe4 Rxf4 15.
Bf3 Rf8 16. Ne2 Nf5 17. Qd2 Nh4 18. O-O Nf6 19. Nbd4 Nxf3+ 20. Nxf3 Bg4 21.
Rae1 Qd7 22. Qc2 Bf5 23. Qd1 Rae8 24. c4 Ne4 25. Nfd4 Bg4 26. b3 Ng5 27. Qd3
Bxd4+ 28. Nxd4 Bf5 29. Qd1 Rxe1 30. Rxe1 Bg4 31. Qd3 Qf7 32. Rf1 Qxf1+ 33. Qxf1
Rxf1+ 34. Kxf1 Bd7 35. h4 Ne4 36. Ne2 b5 37. Nf4 g5 38. Nh5 Bg4 0-1

[Event "21. Torneo San Viator 2013"]
[Site "Madrid ESP"]
[Date "2013.10.12"]
[Round "3.26"]
[White "Jimenez Perez, Federico"]
[Black "Padin Lazaro, Jose Manuel"]
[Result "0-1"]
[WhiteElo "1289"]
[BlackElo "1837"]
[PlyCount "52"]
[EventDate "2013.09.29"]
[EventType "swiss"]
[EventRounds "9"]
[EventCountry "ESP"]
[SourceTitle "Ajedrez en Madrid"]
[Source "lmi"]
[SourceDate "2013.09.29"]
[SourceVersion "1"]
[SourceVersionDate "2013.12.25"]
[SourceQuality "1"]

1. e4 e6 2. d4 d5 3. e5 c5 4. c3 Nc6 5. Nf3 Qb6 6. a3 Nh6 7. Bd3 cxd4 8. cxd4
Bd7 9. Bc2 g6 10. O-O Nf5 11. b4 Nfxd4 12. Be3 Nxf3+ 13. Qxf3 Qc7 14. Bg5 Bg7
15. Ba4 Qxe5 16. Nc3 Qxc3 17. Qd1 Qxa1 18. Qb3 Qc3 19. Qd1 O-O 20. h4 Rac8 21.
h5 Ne5 22. Bxd7 Nxd7 23. h6 Bh8 24. Be7 Rfe8 25. Bd6 d4 26. Qa4 Qc6 0-1

[Event "21. Torneo San Viator 2013"]
[Site "Madrid ESP"]
[Date "2013.10.12"]
[Round "3.27"]
[White "Tevar Sanz, Gonzalo"]
[Black "Lopez Ziegler, Juan Jose"]
[Result "1-0"]
[WhiteElo "1836"]
[BlackElo "1523"]
[PlyCount "111"]
[EventDate "2013.09.29"]
[EventType "swiss"]
[EventRounds "9"]
[EventCountry "ESP"]
[SourceTitle "Ajedrez en Madrid"]
[Source "lmi"]
[SourceDate "2013.09.29"]
[SourceVersion "1"]
[SourceVersionDate "2013.12.25"]
[SourceQuality "1"]

1. d4 Nf6 2. Bf4 e6 3. e3 c5 4. c3 b6 5. Nf3 Bb7 6. Nbd2 cxd4 7. exd4 Be7 8. h3
O-O 9. Bd3 Re8 10. O-O d6 11. Re1 Bf8 12. Bg5 Nbd7 13. Bb5 Be7 14. Nc4 Nd5 15.
Nxd6 Bxg5 16. Nxg5 Qxg5 17. Nxb7 Nxc3 18. Qd3 Nxb5 19. a4 Nc7 20. Nd6 Red8 21.
Re3 Qd5 22. Ne4 Ne5 23. Qc3 Nc4 24. Re2 Qxd4 25. Qg3 Qe5 26. f4 Qd4+ 27. Kh1 g6
28. Rc1 Nd5 29. Ng5 Nxf4 30. Re4 Nh5 31. Qf3 Qf6 32. Qxf6 Nxf6 33. Rexc4 Rd7
34. Rc7 Rad8 35. Nf3 Kg7 36. Ne5 Rd1+ 37. Rxd1 Rxd1+ 38. Kh2 Nd5 39. Rxf7+ Kg8
40. Rxa7 Rd2 41. Ng4 Rxb2 42. Nh6+ Kh8 43. Nf7+ Kg7 44. Nd8+ Kf6 45. Rxh7 Nf4
46. Rf7+ Ke5 47. Kh1 Rxg2 48. Rxf4 Kxf4 49. Kxg2 e5 50. Ne6+ Ke3 51. Nf8 Kd3
52. Nxg6 e4 53. Nf4+ Kd4 54. h4 Ke5 55. Ne2 Kf5 56. Kg3 1-0

[Event "21. Torneo San Viator 2013"]
[Site "Madrid ESP"]
[Date "2013.10.12"]
[Round "3.29"]
[White "Rodriguez Orgaz, Cesar"]
[Black "Martin Rodriguez, Jose Luis"]
[Result "1-0"]
[WhiteElo "1820"]
[BlackElo "1412"]
[PlyCount "115"]
[EventDate "2013.09.29"]
[EventType "swiss"]
[EventRounds "9"]
[EventCountry "ESP"]
[SourceTitle "Ajedrez en Madrid"]
[Source "lmi"]
[SourceDate "2013.09.29"]
[SourceVersion "1"]
[SourceVersionDate "2013.12.25"]
[SourceQuality "1"]

1. g3 e5 2. b3 d5 3. Bb2 Nc6 4. Bg2 Nf6 5. c4 Be6 6. cxd5 Nxd5 7. Nf3 f6 8. Nc3
Nxc3 9. dxc3 Be7 10. Qc2 O-O 11. b4 Bd6 12. e4 Qe8 13. O-O a6 14. a3 Qf7 15.
Rac1 Bb3 16. Qb1 Bc4 17. Rfe1 Rfd8 18. Bf1 Be7 19. Nh4 g6 20. Ng2 Rd7 21. Ne3
Bxf1 22. Rxf1 h5 23. Rfd1 Qe6 24. Rxd7 Qxd7 25. Qa2+ Kg7 26. Rd1 Qe8 27. c4 Rd8
28. Nd5 Bf8 29. Qb3 Qf7 30. Qe3 Ne7 31. Rd3 Nxd5 32. cxd5 Qd7 33. Rc3 Bd6 34.
Qa7 Qb5 35. Qe3 Rh8 36. Qd3 Qd7 37. h4 Qg4 38. Qf3 Qd7 39. Bc1 Qg4 40. Kg2
Qxf3+ 41. Kxf3 Rc8 42. Be3 c6 43. Ke2 Kf7 44. Kd3 Ke7 45. Bc5 Bxc5 46. bxc5 Kd7
47. Kc4 cxd5+ 48. exd5 b6 49. c6+ Kd6 50. a4 b5+ 51. axb5 axb5+ 52. Kxb5 Kxd5
53. c7 f5 54. Kb6 Kd6 55. Rd3+ Ke7 56. Kb7 e4 57. Rd4 Ke6 58. Kxc8 1-0

[Event "21. Torneo San Viator 2013"]
[Site "Madrid ESP"]
[Date "2013.10.12"]
[Round "3.31"]
[White "Olias Ruiz, Enrique"]
[Black "Villanueva Ortega, Ruben"]
[Result "0-1"]
[WhiteElo "1173"]
[BlackElo "1782"]
[PlyCount "114"]
[EventDate "2013.09.29"]
[EventType "swiss"]
[EventRounds "9"]
[EventCountry "ESP"]
[SourceTitle "Ajedrez en Madrid"]
[Source "lmi"]
[SourceDate "2013.09.29"]
[SourceVersion "1"]
[SourceVersionDate "2013.12.25"]
[SourceQuality "1"]

1. e4 e6 2. Nc3 d5 3. e5 c5 4. f4 Nc6 5. Nf3 Bd7 6. a3 a6 7. g3 Qc7 8. d3 Be7
9. h4 Nh6 10. Bh3 Nf5 11. g4 Nxh4 12. g5 Nxf3+ 13. Qxf3 g6 14. Bd2 Nd4 15. Qd1
c4 16. Be3 Bc5 17. dxc4 Nxc2+ 18. Qxc2 Bxe3 19. cxd5 Bxf4 20. Rd1 Qxe5+ 21. Ne4
Bg3+ 22. Kf1 Bb5+ 23. Kg2 Bf4 24. Nf6+ Kf8 25. Qc5+ Kg7 26. Kf3 Be2+ 27. Kf2
Bg3+ 28. Kg2 Bh4 29. Qc3 Qxc3 30. bxc3 Bxd1 31. Rxd1 Bxg5 32. Ne4 Bf4 33. dxe6
f5 34. Rd7+ Kh6 35. Nf6 Bg5 36. Nd5 Rad8 37. Nb6 Rhe8 38. Rxd8 Bxd8 39. Nd5
Rxe6 40. Kf3 Rc6 41. Kf4 Rc5 42. Bg2 Ra5 43. Nb4 Rxa3 44. Bxb7 Rxc3 45. Bxa6
Ra3 46. Bb5 Rb3 47. Bd7 Rxb4+ 48. Kf3 Kg5 49. Be6 h5 50. Bd7 Rb3+ 51. Kf2 h4
52. Ba4 Ra3 53. Bd1 h3 54. Kg1 Ra1 55. Kh2 Rxd1 56. Kxh3 f4 57. Kg2 Bb6 0-1

[Event "21. Torneo San Viator 2013"]
[Site "Madrid ESP"]
[Date "2013.10.12"]
[Round "3.33"]
[White "Alonso Penalver, Angel"]
[Black "Ochoa, Bryan Alejandro"]
[Result "1-0"]
[WhiteElo "1762"]
[BlackElo "1193"]
[PlyCount "91"]
[EventDate "2013.09.29"]
[EventType "swiss"]
[EventRounds "9"]
[EventCountry "ESP"]
[SourceTitle "Ajedrez en Madrid"]
[Source "lmi"]
[SourceDate "2013.09.29"]
[SourceVersion "1"]
[SourceVersionDate "2013.12.25"]
[SourceQuality "1"]

1. e4 c6 2. d3 d5 3. Nd2 Nf6 4. g3 Bg4 5. f3 Be6 6. Bg2 d4 7. Ne2 g6 8. Nf4 Bc8
9. Nb3 b6 10. O-O c5 11. Nd2 Nc6 12. a3 a5 13. Qe2 Bg7 14. b3 O-O 15. Nh3 Ba6
16. f4 e5 17. f5 Qc7 18. Ng5 Rae8 19. Qf3 h6 20. Nh3 Kh7 21. Nf2 h5 22. g4 Bh6
23. Nc4 Bxc1 24. Raxc1 Bxc4 25. bxc4 Rb8 26. Kh1 b5 27. cxb5 Rxb5 28. fxg6+
fxg6 29. g5 Nd7 30. Qh3 Kg7 31. Qe6 Rbb8 32. Bh3 Nb6 33. Rb1 Nc8 34. Rxb8 Nxb8
35. Kg2 Nc6 36. Rb1 Nb6 37. Rb5 Na4 38. Qb3 Nb6 39. Rxb6 Rb8 40. Rxb8 Qxb8 41.
Qe6 Qc7 42. Qf6+ Kg8 43. Qxg6+ Kf8 44. Qxh5 Nb8 45. g6 Kg7 46. Qh7+ 1-0

[Event "21. Torneo San Viator 2013"]
[Site "Madrid ESP"]
[Date "2013.10.12"]
[Round "3.37"]
[White "Garcia-Ruiz Fuentes, Angel M"]
[Black "San Felipe Gonzalez, Tomas"]
[Result "1-0"]
[WhiteElo "2042"]
[BlackElo "1732"]
[PlyCount "65"]
[EventDate "2013.09.29"]
[EventType "swiss"]
[EventRounds "9"]
[EventCountry "ESP"]
[SourceTitle "Ajedrez en Madrid"]
[Source "lmi"]
[SourceDate "2013.09.29"]
[SourceVersion "1"]
[SourceVersionDate "2013.12.25"]
[SourceQuality "1"]

1. e4 c6 2. d4 d5 3. e5 Bf5 4. Nc3 e6 5. g4 Bg6 6. Nge2 h6 7. h4 c5 8. Be3 c4
9. Qd2 Bb4 10. f4 Nc6 11. Ng3 Nge7 12. Bh3 Qd7 13. O-O f5 14. exf6 gxf6 15. a3
Bd6 16. Qg2 Rg8 17. f5 Bxf5 18. Nxf5 exf5 19. Kh1 fxg4 20. Nxd5 Nxd5 21. Qxd5
Ne7 22. Qh5+ Kd8 23. Bg2 f5 24. Rae1 Kc7 25. Qf7 Qb5 26. Bf4 Rae8 27. Rxe7+ Kc8
28. Qe6+ Kb8 29. Qxd6+ Ka8 30. Rxb7 Qxb7 31. Bxb7+ Kxb7 32. Qc7+ Ka8 33. Qc6#
1-0

[Event "21. Torneo San Viator 2013"]
[Site "Madrid ESP"]
[Date "2013.10.12"]
[Round "3.38"]
[White "Gutierrez Sanchez, Fernando"]
[Black "Saribekyan, Garnik"]
[Result "1-0"]
[WhiteElo "1945"]
[BlackElo "1693"]
[PlyCount "53"]
[EventDate "2013.09.29"]
[EventType "swiss"]
[EventRounds "9"]
[EventCountry "ESP"]
[SourceTitle "Ajedrez en Madrid"]
[Source "lmi"]
[SourceDate "2013.09.29"]
[SourceVersion "1"]
[SourceVersionDate "2013.12.25"]
[SourceQuality "1"]

1. c4 Nf6 2. Nc3 g6 3. e4 d6 4. d4 Bg7 5. Be2 O-O 6. Bg5 e5 7. dxe5 dxe5 8.
Qxd8 Rxd8 9. Nd5 Nbd7 10. Rd1 Nxd5 11. Bxd8 Nb4 12. Nf3 Nc5 13. Bxc7 Bg4 14.
Nxe5 Bxe2 15. Kxe2 Nxe4 16. f4 Rc8 17. Rd8+ Rxd8 18. Bxd8 g5 19. g3 Kf8 20. Ba5
Na6 21. Rd1 b6 22. Be1 Nac5 23. b4 gxf4 24. gxf4 Nf6 25. Bh4 Ne8 26. Nc6 a6 27.
f5 1-0

[Event "21. Torneo San Viator 2013"]
[Site "Madrid ESP"]
[Date "2013.10.12"]
[Round "3.39"]
[White "Blanco Diez, David"]
[Black "Jimenez Elices, Jose Maria"]
[Result "0-1"]
[WhiteElo "1463"]
[BlackElo "1872"]
[PlyCount "61"]
[EventDate "2013.09.29"]
[EventType "swiss"]
[EventRounds "9"]
[EventCountry "ESP"]
[SourceTitle "Ajedrez en Madrid"]
[Source "lmi"]
[SourceDate "2013.09.29"]
[SourceVersion "1"]
[SourceVersionDate "2013.12.25"]
[SourceQuality "1"]

1. d4 d5 2. c4 e6 3. Nc3 Nf6 4. cxd5 exd5 5. Bg5 Nbd7 6. e3 Be7 7. Bd3 c6 8.
Qc2 h6 9. Bh4 O-O 10. Nge2 Re8 11. O-O Nh5 12. Bxe7 Qxe7 13. h3 Qh4 14. b4 Ndf6
15. Bf5 g6 16. Bxc8 Raxc8 17. Rab1 g5 18. Qf5 g4 19. Nf4 Ng7 20. Qd3 gxh3 21.
Nxh3 Ne4 22. Rfc1 Re6 23. Ne2 Nh5 24. Rc2 Rf6 25. Nef4 Nxf4 26. Nxf4 Rf5 27.
Rbc1 Kh8 28. Qf1 Nd6 29. g3 Qg4 30. Qh3 Qxh3 31. Nxh3 0-1

[Event "21. Torneo San Viator 2013"]
[Site "Madrid ESP"]
[Date "2013.10.12"]
[Round "3.40"]
[White "Garcia Sanjuan, Jose"]
[Black "Del Noval Perez, Jeronimo"]
[Result "1-0"]
[WhiteElo "1857"]
[BlackElo "1428"]
[PlyCount "97"]
[EventDate "2013.09.29"]
[EventType "swiss"]
[EventRounds "9"]
[EventCountry "ESP"]
[SourceTitle "Ajedrez en Madrid"]
[Source "lmi"]
[SourceDate "2013.09.29"]
[SourceVersion "1"]
[SourceVersionDate "2013.12.25"]
[SourceQuality "1"]

1. e4 c5 2. f4 Nc6 3. Nf3 d6 4. d4 cxd4 5. Nxd4 Nf6 6. Nc3 a6 7. Be2 e6 8. Nb3
Be7 9. Be3 O-O 10. O-O b5 11. Bf3 Bb7 12. a3 Qc7 13. Qe1 b4 14. axb4 Nxb4 15.
Qf2 Qd7 16. Rad1 Rfc8 17. Nc5 Qc7 18. N5a4 Rab8 19. Bb6 Qc6 20. e5 Nfd5 21. Ba5
Qe8 22. Bxb4 Nxb4 23. Bxb7 Rxb7 24. exd6 Bf6 25. Nc5 Rd7 26. N3e4 Bd8 27. Nxd7
Qxd7 28. c3 Nd5 29. Qf3 Bb6+ 30. Kh1 Ne3 31. Qg3 Kf8 32. Rfe1 Nxd1 33. Rxd1 Bc5
34. b4 Bb6 35. Qd3 g6 36. Nf6 Qd8 37. Nxh7+ Kg7 38. Ng5 e5 39. Qd5 Qf6 40. Qxe5
Qxe5 41. fxe5 Rxc3 42. h3 Be3 43. Nf3 Bb6 44. d7 Bd8 45. Rd6 Kf8 46. Rxa6 Rd3
47. Rd6 Rxd6 48. exd6 Bb6 49. Ne5 1-0

[Event "21. Torneo San Viator 2013"]
[Site "Madrid ESP"]
[Date "2013.10.12"]
[Round "3.41"]
[White "Enriquez Pastor, Jorge"]
[Black "Cano Mercado, Francisco Manuel"]
[Result "1/2-1/2"]
[WhiteElo "1419"]
[BlackElo "1840"]
[PlyCount "87"]
[EventDate "2013.09.29"]
[EventType "swiss"]
[EventRounds "9"]
[EventCountry "ESP"]
[SourceTitle "Ajedrez en Madrid"]
[Source "lmi"]
[SourceDate "2013.09.29"]
[SourceVersion "1"]
[SourceVersionDate "2013.12.25"]
[SourceQuality "1"]

1. e4 e5 2. Nf3 Nf6 3. Nxe5 d6 4. Nf3 Nxe4 5. d3 Nf6 6. Be2 d5 7. d4 Bd6 8. O-O
O-O 9. c4 dxc4 10. Bxc4 c6 11. Nc3 Nbd7 12. Re1 Nb6 13. Bb3 h6 14. Ne4 Nxe4 15.
Rxe4 Bf5 16. Re3 Qc7 17. Bd2 Rfe8 18. Rc1 Qd7 19. Ne5 Bxe5 20. dxe5 Rad8 21.
Bc3 Nd5 22. Bxd5 Qxd5 23. Qxd5 Rxd5 24. Rce1 Red8 25. f3 h5 26. h4 c5 27. Kf2
b6 28. Rc1 a5 29. a3 a4 30. Be1 Be6 31. f4 Rd1 32. Rxd1 Rxd1 33. Ke2 Bg4+ 34.
Kf2 Kf8 35. b3 Rd4 36. g3 b5 37. Bc3 Rd1 38. bxa4 bxa4 39. Re4 Rc1 40. Rc4 Rc2+
41. Kg1 Rc1+ 42. Kg2 Rc2+ 43. Kg1 Rc1+ 44. Kg2 1/2-1/2

[Event "21. Torneo San Viator 2013"]
[Site "Madrid ESP"]
[Date "2013.10.12"]
[Round "3.42"]
[White "Jimenez Sanchez, Juan Daniel"]
[Black "Hernandez Mateo, Borja"]
[Result "0-1"]
[WhiteElo "1376"]
[BlackElo "1805"]
[PlyCount "42"]
[EventDate "2013.09.29"]
[EventType "swiss"]
[EventRounds "9"]
[EventCountry "ESP"]
[SourceTitle "Ajedrez en Madrid"]
[Source "lmi"]
[SourceDate "2013.09.29"]
[SourceVersion "1"]
[SourceVersionDate "2013.12.25"]
[SourceQuality "1"]

1. d4 d5 2. c4 e5 3. dxe5 d4 4. Nf3 Nc6 5. a3 Bg4 6. Bf4 Nge7 7. Qb3 Rb8 8.
Nbd2 Ng6 9. Bg5 Be7 10. Bxe7 Qxe7 11. h3 Bxf3 12. Nxf3 Ngxe5 13. Rd1 Nxf3+ 14.
Qxf3 O-O 15. e3 Rfe8 16. Be2 dxe3 17. O-O exf2+ 18. Rxf2 Rbd8 19. Rxd8 Rxd8 20.
Bd3 Ne5 21. Qe4 Rxd3 0-1

[Event "21. Torneo San Viator 2013"]
[Site "Madrid ESP"]
[Date "2013.10.12"]
[Round "3.43"]
[White "Navarro Gonzalez, Jaime"]
[Black "Rodriguez Romero, Martin"]
[Result "1-0"]
[WhiteElo "1795"]
[BlackElo "1366"]
[PlyCount "171"]
[EventDate "2013.09.29"]
[EventType "swiss"]
[EventRounds "9"]
[EventCountry "ESP"]
[SourceTitle "Ajedrez en Madrid"]
[Source "lmi"]
[SourceDate "2013.09.29"]
[SourceVersion "1"]
[SourceVersionDate "2013.12.25"]
[SourceQuality "1"]

1. f4 d5 2. Nf3 Nf6 3. e3 Bg4 4. Be2 e6 5. O-O Nc6 6. b3 Qd7 7. Bb2 O-O-O 8. a4
Bc5 9. c3 Rhe8 10. b4 Bd6 11. a5 Ne7 12. b5 Nf5 13. b6 Bc5 14. bxc7 Qxc7 15.
Ne5 Bxe3+ 16. dxe3 Nxe3 17. Qd2 Bxe2 18. Qxe3 Bxf1 19. Kxf1 a6 20. Qa7 Nd7 21.
Qa8+ Nb8 22. Nd2 f6 23. Nef3 Qxf4 24. c4 Kc7 25. cxd5 exd5 26. Rc1+ Nc6 27. Qa7
Qb4 28. Bd4 Qxa5 29. Bf2 Qb5+ 30. Kg1 Kd7 31. Qb6 Qxb6 32. Bxb6 Rc8 33. Nb3 Ne5
34. Rd1 Nxf3+ 35. gxf3 Kc6 36. Ba5 b6 37. Bb4 Kb5 38. Bd6 Rcd8 39. Bc7 Rd7 40.
Nd4+ Kc5 41. Bg3 b5 42. Bf2 Kd6 43. Rc1 Ke7 44. Rc6 Ra7 45. Nf5+ Kf8 46. Bxa7
a5 47. Bc5+ Kg8 48. Rc7 Kh8 49. Nxg7 Rg8 50. Bd4 Rxg7+ 51. Rxg7 Kxg7 52. Kf2 a4
53. Bc5 Kg6 54. Ke3 Kf5 55. Kf2 h5 56. Kg3 Kg5 57. Kh3 f5 58. Kg3 b4 59. Bxb4
d4 60. h4+ Kf6 61. Kf4 Ke6 62. Kg5 d3 63. Kf4 a3 64. Ke3 a2 65. Bc3 f4+ 66.
Kxd3 Kd5 67. Kc2 Kc4 68. Be5 Kd5 69. Bf6 Kc4 70. Kb2 Kd3 71. Kxa2 Ke3 72. Kb3
Kxf3 73. Kc4 Ke4 74. Bd4 f3 75. Bf2 Kf4 76. Kd4 Kf5 77. Ke3 Kg4 78. Be1 f2 79.
Bxf2 Kf5 80. Kf3 Kg6 81. Ke4 Kh6 82. Kf5 Kh7 83. Kg5 Kg8 84. Kxh5 Kh7 85. Kg5
Kg8 86. Kg6 1-0

[Event "21. Torneo San Viator 2013"]
[Site "Madrid ESP"]
[Date "2013.10.12"]
[Round "3.47"]
[White "Magan Gonzalez, Alberto"]
[Black "Sancho Castiello, Federico"]
[Result "1/2-1/2"]
[WhiteElo "1891"]
[BlackElo "2140"]
[PlyCount "113"]
[EventDate "2013.09.29"]
[EventType "swiss"]
[EventRounds "9"]
[EventCountry "ESP"]
[SourceTitle "Ajedrez en Madrid"]
[Source "lmi"]
[SourceDate "2013.09.29"]
[SourceVersion "1"]
[SourceVersionDate "2013.12.25"]
[SourceQuality "1"]

1. e4 c5 2. Nf3 e6 3. d4 cxd4 4. Nxd4 Nc6 5. Nc3 a6 6. Be2 Qc7 7. O-O b5 8. Be3
Bb7 9. f4 Rc8 10. Bf3 Nxd4 11. Bxd4 Bc5 12. Ne2 Nf6 13. e5 Nd5 14. c3 O-O 15.
Qd2 d6 16. Kh1 Rfd8 17. Be4 Ne7 18. Qc2 Bxe4 19. Qxe4 dxe5 20. fxe5 Bxd4 21.
Nxd4 Rd5 22. Rae1 Ng6 23. Nf3 Qc4 24. h4 h6 25. h5 Qxe4 26. Rxe4 Ne7 27. Nd4
Nc6 28. Nxc6 Rxc6 29. Rfe1 Rc7 30. g4 Rcd7 31. Kg2 Rd2+ 32. R1e2 Kf8 33. Kf2
Ke7 34. Rxd2 Rxd2+ 35. Re2 Rd5 36. Re4 f6 37. exf6+ gxf6 38. Ke2 f5 39. gxf5
Rxf5 40. Rh4 Kf6 41. a4 Kg5 42. Re4 Kf6 43. Rh4 Ke7 44. axb5 axb5 45. b3 Kd6
46. Ke3 e5 47. c4 bxc4 48. bxc4 Rf1 49. Rg4 Rh1 50. Rg6+ Kc5 51. Rxh6 Kxc4 52.
Rh8 Kd5 53. h6 Rh3+ 54. Kf2 Ke6 55. h7 Kf7 56. Kg2 Rh6 57. Kf3 1/2-1/2

[Event "21. Torneo San Viator 2013"]
[Site "Madrid ESP"]
[Date "2013.10.12"]
[Round "3.50"]
[White "Insua Rodriguez, Antonio"]
[Black "De Castro Vidal, Jose Ignacio"]
[Result "0-1"]
[WhiteElo "1527"]
[BlackElo "2050"]
[PlyCount "64"]
[EventDate "2013.09.29"]
[EventType "swiss"]
[EventRounds "9"]
[EventCountry "ESP"]
[SourceTitle "Ajedrez en Madrid"]
[Source "lmi"]
[SourceDate "2013.09.29"]
[SourceVersion "1"]
[SourceVersionDate "2013.12.25"]
[SourceQuality "1"]

1. Nc3 d5 2. e4 d4 3. Nce2 Nc6 4. Ng3 Nf6 5. Nf3 g6 6. h3 Bg7 7. Bc4 O-O 8. d3
Qd6 9. e5 Nxe5 10. Nxe5 Qxe5+ 11. Ne2 Nd5 12. f4 Qh5 13. g4 Bxg4 14. Bxd5 Qxd5
15. Rh2 Bxe2 16. Qxe2 e5 17. Qd2 exf4 18. c4 dxc3 19. bxc3 Rfe8+ 20. Kd1 Rad8
21. Kc2 c5 22. c4 Qc6 23. Bb2 Qa4+ 24. Kb1 Rxd3 25. Qxd3 Re1+ 26. Bc1 Bxa1 27.
Qb3 Qxb3+ 28. axb3 Bd4 29. Kc2 f3 30. Bd2 Rg1 31. Kd3 f2 32. Rxf2 Bxf2 0-1